|
|
|
|
| LEADER |
00892nab#a2200313#ar4500 |
| 001 |
000072272 |
| 003 |
SVKKK |
| 005 |
20020607xxxxxxx. |
| 008 |
06 c xo huno |
| FMT |
|
|
|
| 038 |
|
|
|a SVKKK
|
| 040 |
|
|
|a SVKKK
|b slo
|e AACR2
|
| 041 |
0 |
|
|a hun
|
| 044 |
|
|
|a xo
|c SK
|
| 080 |
|
|
|a 392
|
| 242 |
1 |
0 |
|a Zásnuby
|
| 245 |
0 |
0 |
|a Eljegyzés
|
| 500 |
|
|
|a mikrofilm
|
| 520 |
2 |
|
|a Správa o zásnubách humenského advokáta Mórica Rosenberga s Elvírou Fenyő v Košiciach v januári roku 1914.
|
| 650 |
0 |
4 |
|a zásnuby - Rosenberg, Móric (advokát) - Humenné (pôsobenie) - Fenyő, Elvíra (snúbenica) - Košice - január 1914 - správy
|
| 773 |
0 |
|
|t Homonna és Vidéke : Hetilap
|g Roč. 14, č. 4 (23.01.1914) s. 2
|
| 957 |
|
|
|a Humenné
|
| 957 |
|
|
|a Košice
|
| 958 |
|
|
|a DG
|
| 958 |
|
|
|a SK
|
| 974 |
|
|
|a Ba
|d 20020607
|
| 992 |
|
|
|a RBX
|
| BAS |
|
|
|
| 998 |
|
|
|a RETRO
|